000
00324nam a2200133Ia 4500
005
20251222142026.0
008
251222s9999||||xx |||||||||||||| ||spa||
082
_a
853.914/D35
100
_a
De Lampedusa, Guiseppe Tomasi
245
0
_a
El Gatopardo
250
_a
1ra.ed.
264
_b
Editorial Noguer, S.A.
942
_c
LIB
999
_c
10802
_d
10802